00573nam a2200145 a 450000100100000000500170001000800410002704000250006808200150009311000900010824501140019826000520031230000310036470000320039500002704620200930030552.0110329s1983 dr d 000 0 spa d aDO-SdBNPbspacBNPHU axxxbR426g1 aRepública DominicanabSecretaría de Estado de Agriculturabdepartamento de café10aGuía de exportación del café en la República Dominicana /cpresentación Efraín Camilo González. aSanto Domingo :bDepartemento de café,c1983. a90 p. :bdiagrs. ;c28 cm.1 aGonzález, Efraín Camilo